<?xml version="1.0" encoding="utf-8"?>
<?xml-stylesheet type='text/xsl' href='./oai2.xsl'?>
<OAI-PMH xmlns="http://www.openarchives.org/OAI/2.0/" xmlns:xsi="http://www.w3.org/2001/XMLSchema-instance" xsi:schemaLocation="http://www.openarchives.org/OAI/2.0/ http://www.openarchives.org/OAI/2.0/OAI-PMH.xsd">
  <responseDate>2026-05-15T10:35:14Z</responseDate>
  <request verb="GetRecord" metadataPrefix="marcxml" identifier="record_kuniweb_99963">https://kulturerbe.niedersachsen.de/oai</request>
  <GetRecord>
    <record>
      <header>
        <identifier>record_kuniweb_99963</identifier>
        <datestamp>2026-03-31T19:09:18Z</datestamp>
        <setSpec>slg0220</setSpec>
      </header>
      <metadata>
        <marc:record xmlns:marc="http://www.loc.gov/MARC21/slim" xsi:schemaLocation="http://www.loc.gov/MARC21/slim http://www.loc.gov/standards/marcxml/schema/MARC21slim.xsd">
          <marc:leader>12345nrm  22     uu 4500</marc:leader>
          <marc:controlfield tag="001">99963</marc:controlfield>
          <marc:controlfield tag="003">http://kuniweb.gbv.de</marc:controlfield>
          <marc:controlfield tag="005">2025-09-16T13:28:53</marc:controlfield>
          <marc:controlfield tag="008">|           ||||||||||||||||||||||</marc:controlfield>
          <marc:datafield tag="245" ind1="1" ind2="0">
            <marc:subfield code="a">Urne</marc:subfield>
          </marc:datafield>
          <marc:datafield tag="655" ind1=" " ind2="7">
            <marc:subfield code="a">Archäologie</marc:subfield>
          </marc:datafield>
          <marc:datafield tag="046" ind1=" " ind2=" ">
            <marc:subfield code="k">0300</marc:subfield>
            <marc:subfield code="k">4.-5. Jh.</marc:subfield>
            <marc:subfield code="l">0500</marc:subfield>
          </marc:datafield>
          <marc:datafield tag="260" ind1=" " ind2=" ">
            <marc:subfield code="g">0300</marc:subfield>
            <marc:subfield code="g">0500</marc:subfield>
            <marc:subfield code="g">4.-5. Jh.</marc:subfield>
          </marc:datafield>
          <marc:datafield tag="300" ind1=" " ind2=" ">
            <marc:subfield code="a">Höhe: 13 cm
Durchmesser: 18 cm (Umbruch)
Durchmesser: 8 cm (Boden)</marc:subfield>
          </marc:datafield>
          <marc:datafield tag="520" ind1=" " ind2=" ">
            <marc:subfield code="a">Urne. Bauchiges Gefäß. Pflugbeschädigt, partiell bis zur Gefäßschulter erhalten. Konisches Unterteil sowie leicht gewölbte bis konische Gefäßschulter. Horizontal umlaufend
am Schulteransatz eine plastische Leiste und Furchen sowie darunter stehende Bögen mit unterständigen „pfeilartig“ angeordneten Elementen aus riefengerahmten Furchen. In den
Zwischenräumen Kreisfurchen. (Natalie Boes 2017; Baier 07/2021)

Ausgrabungs- / Untersuchungsdatum: Sondage und fünf Grabungskampagnen in den Jahren 1980 bis 1982 

Beschrieben in:
Nathalie Boes, Das sächsische Gräberfeld von Barchel, Lkr. Rotenburg (Wümme). Abschlussarbeit im Masterstudiengang Ur- und Frühgeschichte zur Erlangung des Akademischen Grades „Master of Arts“ M.A. der Georg-August Universität Göttingen (vorgelegt am 27.06.2017). Kat.-Nr. 26</marc:subfield>
          </marc:datafield>
          <marc:datafield tag="773" ind1="0" ind2=" ">
            <marc:subfield code="t">Archäologische Funde aus dem Landkreis Rotenburg (Wümme)</marc:subfield>
          </marc:datafield>
          <marc:datafield tag="852" ind1=" " ind2=" ">
            <marc:subfield code="a">Kreisarchäologie Rotenburg</marc:subfield>
          </marc:datafield>
          <marc:datafield tag="852" ind1=" " ind2=" ">
            <marc:subfield code="a">Barchel (Oerel, Geestequelle, Rotenburg (Wümme), Niedersachsen)</marc:subfield>
          </marc:datafield>
          <marc:datafield tag="" ind1=" " ind2=" ">
            <marc:subfield code="a">Namensnennung - Weitergabe unter gleichen Bedingungen 4.0 International (CC BY-SA 4.0)</marc:subfield>
          </marc:datafield>
        </marc:record>
      </metadata>
    </record>
  </GetRecord>
</OAI-PMH>
